Pays par emojis - Statistiques

Statistiques générales
  • Ce quiz a été pris 966 fois
  • Le résultat moyen est 9 sur 10
Statistiques - réponses
Emojis Pays % Correct
🍕🍝👢 Italie
100%
🍙🥢⛩️ Chine
98%
🍔🗽💸 États Unis
98%
🥖🍷🥐 France
98%
🌶️🌮🤠 Mexique
97%
🏛️🏺📜 Grèce
91%
⚽️☀️👙 Brésil
90%
🫖💂👑 Royaume uni
83%
🐻🥶🤼‍♂️ Russie
72%
🕋🛢️🏙️ Arabie saoudite
67%
Aucun quiz correspondant
Distribution des résultats
% des personnes avec chaque résultat
Percentile par nombre de réponses
Votre historique - résultats
Vous n’avez pas pris ce quiz